000 00391pab a2200157 454500
008 180718b2006 xxu||||| |||| 00| 0 eng d
100 _aShlay, Anne B.
245 _aLow-income homeownership: American dream or delusion?
260 _c2006
300 _ap.511-31.
362 _aMar
650 _aHousing - United States
650 _aHousing
773 _aUrban Studies
909 _a69840
999 _c69840
_d69840